000 01051nam a2200289Ia 4500
001 21370
003 GE_BSU
008 181216s||||||||xx |||||||||||||| ||und||
020 _a9780471495178
040 _cGE_BSU
080 _a00+620.3+53+577
100 _aMandic, Danilo P. and Chambers, Jonathon A.
245 _aRecurrent neural Networks for prediction
245 _cEditor Simon Haykin
260 _aChichester
260 _bJohn Wiley & Sons, LTD
260 _c2001
300 _a285 p. 25 cm.
300 _eBibl.:p. 267-280., Index.: p.281-285
541 _h462 Gel.
653 _aRecurrent neural Networks for prediction
653 _aИнженерное дело. Информационные технологии
653 _aМолекулярная биология. Физика
653 _aსაინჟინრო საქმე. საინფორმაციო ტექნოლოგიები
653 _aფიზიკა. მოლეკულური ბიოლოგია
942 _cBK
999 _c54314
_d54314